<?xml version="1.0" encoding="UTF-8"?>
<marc:record xmlns:marc="http://www.loc.gov/MARC21/slim">
   <marc:leader>00000nam a2200000 a 4500</marc:leader>
   <marc:datafield ind1="1" ind2=" " tag="100">
      <marc:subfield code="a">Bjaadal, Viljar Knutsen</marc:subfield>
   </marc:datafield>
   <marc:datafield ind1="1" ind2=" " tag="100">
      <marc:subfield code="a">Harbitz, Sturla</marc:subfield>
   </marc:datafield>
   <marc:datafield ind1="1" ind2=" " tag="100">
      <marc:subfield code="a">Kippersund Larsson, Liv Elvira</marc:subfield>
   </marc:datafield>
   <marc:datafield ind1="0" ind2="0" tag="245">
      <marc:subfield code="a">Dancing Queen</marc:subfield>
   </marc:datafield>
   <marc:datafield ind1="0" ind2="0" tag="245">
      <marc:subfield code="c">Filmregisseur: Aurora Gossè ; Drehbuchautor: Silje Holtet ; Schauspieler: Liv Elvira Kippersund Larsson, Sturla Harbitz, Viljar Knutsen Bjaadal [und andere]</marc:subfield>
   </marc:datafield>
   <marc:datafield ind1=" " ind2="1" tag="264">
      <marc:subfield code="a">Hamburg</marc:subfield>
      <marc:subfield code="b">One Gate Media GmbH</marc:subfield>
      <marc:subfield code="c">2024</marc:subfield>
   </marc:datafield>
   <marc:datafield ind1="1" ind2=" " tag="520">
      <marc:subfield code="a">Um den neuen Mitschüler und Hip-Hopper E.D.Win zu beeindrucken, gibt die zwölfjährige und sonst eher unsportliche Mina alles auf der Tanzfläche. Mit ihrem Sinneswandel gefährdet sie jedoch nicht nur die Beziehung zu ihrem besten Freund sondern auch ihr eigenes Wohlbefinden ... Ab 12.</marc:subfield>
   </marc:datafield>
   <marc:datafield ind1="3" ind2=" " tag="024">
      <marc:subfield code="a">4052912492745</marc:subfield>
   </marc:datafield>
   <marc:datafield ind1=" " ind2=" " tag="041">
      <marc:subfield code="a">ger</marc:subfield>
   </marc:datafield>
   <marc:datafield ind1=" " ind2=" " tag="300">
      <marc:subfield code="a">1 DVD-Video (92 min)</marc:subfield>
   </marc:datafield>
</marc:record>
